000 00498nam a2200193 a 4500
001 BRCA_5936
005 20190320205252.0
008 220311s1916----gw-#######---#000-0#ger-#
041 _ager
044 _agw
050 4 _aML141
_b.P35
_c1916
245 1 0 _aPalestrina: Musikalische Legende in drei Akten.
_cPfitzer, Hans.
260 _aBerlin
_bAdolph Fürster
_c1916
300 _a88 p.
_c17 cm.
500 _aH167
650 1 4 _aLiteratura sobre música
_914994
902 _aGFM
942 _2lcc
_cB
999 _c5625
_d5625